Tribhuvan University Central Library

Finance (Record no. 48259)

MARC details
000 -LEADER
fixed length control field 00616 a2200205 4500
041 ## - LANGUAGE CODE
Language code of text/sound track or separate title Eng.
082 ## - DEWEY DECIMAL CLASSIFICATION NUMBER
Classification number 332
Item number W465f
-- G.
100 ## - MAIN ENTRY--PERSONAL NAME
Personal name Welshans, Merle T.
9 (RLIN) 3236
245 ## - TITLE STATEMENT
Title Finance
Remainder of title an introduction to financeial markets and institutions
260 ## - PUBLICATION, DISTRIBUTION, ETC.
Place of publication, distribution, etc. Cincinnati
Name of publisher, distributor, etc. Shout-Western pub.
Date of publication, distribution, etc. 1980
300 ## - PHYSICAL DESCRIPTION
Extent viii,550p; illus
504 ## - BIBLIOGRAPHY, ETC. NOTE
Bibliography, etc. note bibliography at the end of each chapter
650 ## - SUBJECT ADDED ENTRY--TOPICAL TERM
Topical term or geographic name entry element Finance
9 (RLIN) 2208
650 ## - SUBJECT ADDED ENTRY--TOPICAL TERM
Topical term or geographic name entry element Financial institutions
9 (RLIN) 3237
650 ## - SUBJECT ADDED ENTRY--TOPICAL TERM
Topical term or geographic name entry element Financial markets
9 (RLIN) 3238
650 ## - SUBJECT ADDED ENTRY--TOPICAL TERM
Topical term or geographic name entry element Consumers
9 (RLIN) 2813
650 ## - SUBJECT ADDED ENTRY--TOPICAL TERM
Topical term or geographic name entry element Business policy
9 (RLIN) 3239
653 ## - INDEX TERM--UNCONTROLLED
Uncontrolled term Financial economics
942 ## - ADDED ENTRY ELEMENTS (KOHA)
Source of classification or shelving scheme Dewey Decimal Classification
Koha item type General Collections
Holdings
Withdrawn status Lost status Source of classification or shelving scheme Damaged status Not for loan Home library Current library Date acquired Total Checkouts Full call number Barcode Date last seen Date last checked out Price effective from Koha item type
    Dewey Decimal Classification     Tribhuvan University Central Library Tribhuvan University Central Library 12/08/2010 1 332 W465f 93258 05/15/2025 04/25/2025 12/08/2010 General Collections